000 01152nam0a2200313 4500
001 RU\NLR\bibl\1692090
005 20260406121611.0
010 _a978-5-699-43258-5
_95000
021 _aRU
_b2010-53803
_9538д/2010
035 _a(NLR Aleph) 001683199
090 _a1114287
_c1114287
100 _a20101028d2010 |||y0rusy50 ca
101 0 _arus
102 _aRU
105 _aa |||||||||
200 1 _aЗлатовласая амазонка
_e[роман]
_fЕлена Арсеньева
210 _aМосква
_cЭксмо
_d2010
215 _a348 с.
_cил.
_d21
225 1 _aИсторию пишет любовь
300 _aРанее роман выходил под назв. "Князь сердца моего"
451 0 _12001#$aКнязь сердца моего
_tКнязь сердца моего
686 _aШ6(2=Р)8-440.4
700 1 _4070
_8rus
_7ca
_aАрсеньева
_bЕ. А.
_cписатель
_f1952-
_gЕлена Арсеньевна
_3RU\NLR\auth\77572
_9110618
801 0 _aRU
_bNLR
_c20101028
_gRCR
801 1 _aRU
_bNLR
_c20101028
942 _cBOOK
980 _aNB